| 000 | 00000nas 2200000za 4500 |
|---|---|
| 001 | 9.500877 |
| 003 | CaOODSP |
| 005 | 20200325082540 |
| 007 | cr ||||||||||| |
| 008 | 150406d19882001xxc|| m o||||f| |0fre|d |
| 040 | |aCaOODSP|bfre |
| 043 | |an-cn--- |
| 086 | 1 |aH113-4F-PDF |
| 110 | 1 |aCanada.|bSanté Canada. |bAgence de réglementation de la lutte antiparasitaire. |
| 245 | 10|aDocument des décisions |h[ressource électronique] |
| 260 | |aOttawa - Ontario : |bSanté Canada. |
| 775 | 08|tDecision document |w(CaOODSP)9.504459 |